00378 2200157 4500001002100000005001500021035002000036245003800056100001600094300002600110260002800136082000800164084001400172020002200186990001200208INLIS00000000000294420250917110753 a0010-09250002911 aSaman's Blood Note /cLee Sin Hye0 aLee Sin Hye a173 hlm ;c13 x 19 cm aJakarta :bZettu,c2012 a813 a813 LEE s a978-602-1999-03-2 a0755689